[Event "Portoroz op 14th"]
[Site "Portoroz"]
[Date "2023.07.21"]
[Round "8"]
[White "Kodric, Gasper"]
[Black "Jalovec, Igor"]
[Result "1-0"]
[WhiteElo "2016"]
[BlackElo "1680"]
[PlyCount "87"]
[EventDate "2023.07.15"]
[EventType "swiss"]
[EventRounds "9"]
[EventCountry "SLO"]
[SourceTitle "CBM 215 Extra"]
[Source "ChessBase"]
[SourceDate "2023.09.30"]
[SourceVersion "1"]
[SourceVersionDate "2023.09.30"]
[SourceQuality "1"]

1. c4 Nf6 2. g3 c6 3. Nf3 d5 4. d4 e6 5. Bg2 Be7 6. 0-0 0-0 7. b3 Nbd7 8. Qc2 b6 9. Rd1 Bb7 10. Nc3 Rc8 11. e4 dxe4 12. Ng5 h6 13. Ngxe4 Nxe4 14. Nxe4 Nf6 15. Bf4 Qd7 16. c5 Nxe4 17. Bxe4 Rfd8 18. b4 Qe8 19. h4 Rd7 20. Rd2 Bd8 21. Rad1 Bc7 22. Be5 Qe7 23. a4 Rcd8 24. Qb2 bxc5 25. Bxc7 Rxc7 26. dxc5 Rcd7 27. Qc3 a6 28. Rxd7 Rxd7 29. Rxd7 Qxd7 30. Qd3 Qxd3 31. Bxd3 f5 32. h5 Kf7 33. f4 Kf6 34. g4 fxg4 35. Be4 e5 36. f5 Bc8 37. Bxc6 Ke7 38. Be4 Kd8 39. b5 axb5 40. axb5 Bd7 41. c6 Be8 42. b6 Kc8 43. f6 gxf6 44. Bf5+ 1-0

[Event "Nova Gorica op 27th"]
[Site "Nova Gorica"]
[Date "2023.03.20"]
[Round "6"]
[White "Garsky, Vladyslav"]
[Black "Jalovec, Igor"]
[Result "1-0"]
[WhiteElo "2253"]
[BlackElo "1604"]
[PlyCount "57"]
[EventDate "2023.03.16"]
[EventType "swiss"]
[EventRounds "9"]
[EventCountry "SLO"]
[SourceTitle "CBM 213 Extra"]
[Source "ChessBase"]
[SourceDate "2023.05.31"]
[SourceVersion "1"]
[SourceVersionDate "2023.05.31"]
[SourceQuality "1"]

1. Nf3 d5 2. g3 Nf6 3. Bg2 e6 4. 0-0 Be7 5. d3 0-0 6. Nbd2 Nbd7 7. e4 dxe4 8. dxe4 Re8 9. e5 Nd5 10. a3 c5 11. c4 N5b6 12. Qc2 Qc7 13. Re1 Nf8 14. h4 Bd7 15. h5 h6 16. Ne4 Bc6 17. Bf4 Bxe4 18. Qxe4 Rad8 19. Nd2 Rd7 20. Qc2 Nh7 21. Ne4 Qc8 22. b3 Ng5 23. Nc3 a6 24. Be3 f5 25. f4 Nh7 26. g4 fxg4 27. Qg6 Bf8 28. Be4 Ng5 29. fxg5 1-0

[Event "Oskarja Memorial 10th"]
[Site "Chess.com INT"]
[Date "2021.01.16"]
[Round "5"]
[White "Jalovec, Igor"]
[Black "Baljak, Jadranko"]
[Result "0-1"]
[WhiteElo "1362"]
[BlackElo "1731"]
[PlyCount "126"]
[EventDate "2021.01.16"]
[EventType "swiss (blitz)"]
[EventRounds "15"]
[EventCountry "SLO"]
[SourceTitle "CBM 200 Extra"]
[Source "ChessBase"]
[SourceDate "2021.03.31"]
[SourceVersion "1"]
[SourceVersionDate "2021.03.31"]
[SourceQuality "1"]

1. e4 c5 2. c3 g6 3. d4 cxd4 4. cxd4 d5 5. exd5 Nf6 6. d6 Qxd6 7. Nf3 Bg4 8. Be2 Bg7 9. Nc3 a6 10. Be3 0-0 11. h3 Bf5 12. 0-0 Nc6 13. a3 Rac8 14. Bd3 Bxd3 15. Qxd3 Rfd8 16. Rfd1 b5 17. b4 e6 18. Rac1 Ne7 19. Ne4 Nxe4 20. Qxe4 Nd5 21. Rc5 Nb6 22. Rdc1 Nc4 23. Nd2 Nb6 24. Rxc8 Rxc8 25. Rxc8+ Nxc8 26. Nb3 Nb6 27. Nc5 Nd5 28. Qd3 h5 29. Ne4 Qc7 30. Nc5 Qc6 31. Qb3 Bf8 32. Kf1 Be7 33. Kg1 Bf6 34. a4 Bd8 35. axb5 axb5 36. Qa3 Bc7 37. Bd2 Qd6 38. Qa8+ Kg7 39. Qb7 Qh2+ 40. Kf1 Qh1+ 41. Ke2 Qxg2 42. Qxb5 Qxh3 43. Nd7 Qg4+ 44. f3 Qg2+ 45. Kd3 Bf4 46. Bxf4 Qf1+ 47. Kc2 Qxb5 48. Be5+ Kg8 49. Nf6+ Nxf6 50. Bxf6 Qxb4 51. Be5 Qc4+ 52. Kd2 h4 53. Ke3 h3 54. Ke4 h2 55. Bxh2 Qe2+ 56. Kf4 Qxh2+ 57. Ke4 Qh7 58. Kd3 f6 59. Ke3 Kf7 60. Kd3 Ke7 61. Kc4 Kd6 62. d5 Qc7+ 63. Kd4 exd5 0-1

[Event "Oskarja Memorial 10th"]
[Site "Chess.com INT"]
[Date "2021.01.16"]
[Round "2"]
[White "Jalovec, Igor"]
[Black "Voglar, Peter"]
[Result "0-1"]
[WhiteElo "1362"]
[BlackElo "2024"]
[PlyCount "76"]
[EventDate "2021.01.16"]
[EventType "swiss (blitz)"]
[EventRounds "15"]
[EventCountry "SLO"]
[SourceTitle "CBM 200 Extra"]
[Source "ChessBase"]
[SourceDate "2021.03.31"]
[SourceVersion "1"]
[SourceVersionDate "2021.03.31"]
[SourceQuality "1"]

1. e4 c5 2. c3 d6 3. d4 cxd4 4. cxd4 a6 5. Nf3 e6 6. Nc3 Be7 7. Bd3 Nd7 8. 0-0 b5 9. a3 Bb7 10. Be3 Rc8 11. Rc1 Ngf6 12. b4 0-0 13. Qe2 Nb6 14. Nd2 e5 15. dxe5 dxe5 16. Bxb6 Qxb6 17. Nf3 Rfd8 18. Nxe5 Qd4 19. Nf3 Qxd3 20. Qxd3 Rxd3 21. Nd5 Nxd5 22. exd5 Rxd5 23. Rxc8+ Bxc8 24. Rc1 Rd8 25. h3 Bf6 26. Rc6 Bb7 27. Rb6 Bxf3 28. gxf3 Ra8 29. Rd6 Bb2 30. Rd3 g6 31. Rb3 Bf6 32. Rd3 Kg7 33. Kg2 Re8 34. Rd6 Re6 35. Rd5 Rc6 36. Rd3 Rc3 37. Rxc3 Bxc3 38. f4 Bb2 0-1

[Event "EU-ch U10"]
[Site "Bratislava"]
[Date "2019.08.05"]
[Round "4"]
[White "Jalovec, Igor"]
[Black "Ermitsch, Magnus"]
[Result "0-1"]
[WhiteElo "1473"]
[BlackElo "1750"]
[PlyCount "46"]
[EventDate "2019.08.02"]
[EventType "swiss"]
[EventRounds "9"]
[EventCountry "SVK"]
[SourceTitle "EXT 2020"]
[Source "ChessBase"]
[SourceDate "2019.10.17"]
[SourceVersion "1"]
[SourceVersionDate "2019.10.17"]
[SourceQuality "1"]

1. e4 c5 2. c3 Nf6 3. e5 Nd5 4. d4 cxd4 5. Nf3 e6 6. cxd4 b6 7. Nc3 Nxc3 8. bxc3 Qc7 9. Bd2 Bb7 10. Bd3 d6 11. 0-0 Nd7 12. Ng5 dxe5 13. dxe5 Be7 14. Qh5 Bxg5 15. Qxg5 Qxe5 16. Qh4 Qd5 17. Qh3 Ne5 18. Qg3 Nxd3 19. Qxg7 0-0-0 20. f3 Qc5+ 21. Kh1 Nf2+ 22. Rxf2 Qxf2 23. Bf4 Rhg8 0-1

[Event "SLO-chT U16"]
[Site "Nova Gorica"]
[Date "2019.05.26"]
[Round "5"]
[White "Jalovec, Igor"]
[Black "Nareks, Matic"]
[Result "0-1"]
[WhiteElo "1424"]
[BlackElo "1952"]
[PlyCount "96"]
[EventDate "2019.05.24"]
[EventType "team-swiss"]
[EventRounds "5"]
[EventCountry "SLO"]
[SourceTitle "EXT 2020"]
[Source "ChessBase"]
[SourceDate "2019.10.17"]
[SourceVersion "1"]
[SourceVersionDate "2019.10.17"]
[SourceQuality "1"]

1. e4 g6 2. d4 d6 3. Nc3 Bg7 4. Be3 a6 5. Qd2 b5 6. a3 Nd7 7. Nf3 Bb7 8. Bd3 h6 9. 0-0 e6 10. b4 g5 11. Kh1 Ne7 12. Ng1 Ng6 13. Nce2 Nf6 14. f4 gxf4 15. Nxf4 Nxf4 16. Bxf4 Nh5 17. Be3 e5 18. d5 Bf6 19. Qe2 Nf4 20. Bxf4 exf4 21. Qd2 Be5 22. Rae1 Rg8 23. Ne2 Qh4 24. Nxf4 0-0-0 25. Nh3 Rg7 26. Qf2 Qe7 27. c4 Rdg8 28. Re2 Qe8 29. cxb5 axb5 30. Nf4 Rg5 31. Nh3 R5g7 32. Rc2 Kb8 33. Qe3 Bc8 34. Ng1 Rg4 35. Nf3 Bf4 36. Qd4 h5 37. g3 Bh6 38. Qc3 Qe7 39. Qc6 Be3 40. Qxb5+ Bb6 41. Qa4 Rxe4 42. Bxe4 Qxe4 43. Qb3 Bf5 44. Rcc1 h4 45. Rfe1 hxg3 46. Rg1 Bxg1 47. Rxg1 Qe2 48. Qd1 g2+ 0-1

[Event "SLO-chT U16"]
[Site "Nova Gorica"]
[Date "2019.05.25"]
[Round "2"]
[White "Jalovec, Igor"]
[Black "Herega, Nejc"]
[Result "0-1"]
[WhiteElo "1424"]
[BlackElo "1869"]
[PlyCount "96"]
[EventDate "2019.05.24"]
[EventType "team-swiss"]
[EventRounds "5"]
[EventCountry "SLO"]
[SourceTitle "EXT 2020"]
[Source "ChessBase"]
[SourceDate "2019.10.17"]
[SourceVersion "1"]
[SourceVersionDate "2019.10.17"]
[SourceQuality "1"]

1. e4 e5 2. Nf3 Nf6 3. d4 exd4 4. e5 Ne4 5. Qxd4 d5 6. exd6 Nxd6 7. Be2 Nc6 8. Qf4 Be7 9. 0-0 Bf5 10. c3 Qd7 11. Be3 0-0 12. Nbd2 Rad8 13. Nd4 Nxd4 14. Bxd4 Rfe8 15. Nc4 c5 16. Bxc5 Nxc4 17. Bxe7 Rxe7 18. Bxc4 Re4 19. Bxf7+ Qxf7 20. Qg5 Qf6 21. Qg3 Qd6 22. Qf3 Qf4 23. Qxf4 Rxf4 24. Rad1 Rd7 25. f3 Rc4 26. Kf2 Rcc7 27. Rfe1 Rxd1 28. Rxd1 Rd7 29. Rxd7 Bxd7 30. Ke3 Kf7 31. b4 Ke6 32. c4 Ke5 33. g3 g5 34. a3 a6 35. f4+ gxf4+ 36. gxf4+ Kf5 37. Kd4 Kxf4 38. Kc5 Bc6 39. b5 axb5 40. cxb5 Bg2 41. a4 h5 42. a5 h4 43. a6 bxa6 44. bxa6 Ke3 45. Kb6 h3 46. Kc7 Kf2 47. a7 Kg1 48. a8Q Bxa8 0-1

[Event "Otocec Krka Terme op"]
[Site "Otocec"]
[Date "2018.12.27"]
[Round "6"]
[White "Kobe, Jure"]
[Black "Jalovec, Igor"]
[Result "1-0"]
[WhiteElo "1434"]
[BlackElo "1332"]
[PlyCount "63"]
[EventDate "2018.12.25"]
[EventType "swiss"]
[EventRounds "9"]
[EventCountry "SLO"]
[SourceTitle "EXT 2020"]
[Source "ChessBase"]
[SourceDate "2019.10.17"]
[SourceVersion "1"]
[SourceVersionDate "2019.10.17"]
[SourceQuality "1"]

1. e4 e5 2. Nf3 Nc6 3. Bb5 a6 4. Ba4 Nf6 5. d3 b5 6. Bb3 Be7 7. c3 d6 8. 0-0 0-0 9. Bc2 Be6 10. Re1 Nd7 11. d4 Bg4 12. d5 Na5 13. Nbd2 f5 14. exf5 Bxf5 15. Bxf5 Rxf5 16. b4 Nb7 17. Ne4 Nb6 18. Be3 Nc4 19. Nfd2 Nb2 20. Qc2 Na4 21. Nc5 dxc5 22. Qxf5 Qxd5 23. Qc2 cxb4 24. cxb4 Bxb4 25. Qxc7 Nbc5 26. Rad1 Nb2 27. Bxc5 Bxc5 28. Rb1 Qxd2 29. Qxc5 Rd8 30. Qxe5 Nd3 31. Qe6+ Kh8 32. Qe8+ 1-0

[Event "Ptuj op"]
[Site "Ptuj"]
[Date "2018.08.14"]
[Round "8"]
[White "Okroznik, Gorazd"]
[Black "Jalovec, Igor"]
[Result "1-0"]
[WhiteElo "1473"]
[BlackElo "1187"]
[PlyCount "43"]
[EventDate "2018.08.07"]
[EventType "swiss"]
[EventRounds "9"]
[EventCountry "SLO"]
[SourceTitle "CBM 186 Extra"]
[Source "ChessBase"]
[SourceDate "2018.08.24"]
[SourceVersion "1"]
[SourceVersionDate "2018.08.24"]
[SourceQuality "1"]

1. d4 Nf6 2. e3 e6 3. Bd3 d5 4. f4 Be7 5. Nf3 c5 6. c3 c4 7. Bc2 0-0 8. 0-0 Nc6 9. Nbd2 Re8 10. Ne5 Qc7 11. Rf3 Bf8 12. Rh3 g6 13. Ndf3 Ne7 14. Ng5 Bg7 15. Ngxf7 Nf5 16. g4 Nd6 17. Nxd6 Qxd6 18. g5 Nh5 19. Rxh5 gxh5 20. Qxh5 Re7 21. Bxh7+ Kf8 22. Ng6+ 1-0

[Event "SLO-chT U16"]
[Site "Murska Sobota"]
[Date "2018.05.11"]
[Round "1"]
[White "Jalovec, Igor"]
[Black "Vaupot, Kajetan"]
[Result "1-0"]
[WhiteElo "1221"]
[BlackElo "1591"]
[PlyCount "61"]
[EventDate "2018.05.11"]
[EventType "team-swiss"]
[EventRounds "5"]
[EventCountry "SLO"]
[SourceTitle "EXT 2020"]
[Source "ChessBase"]
[SourceDate "2019.10.17"]
[SourceVersion "1"]
[SourceVersionDate "2019.10.17"]
[SourceQuality "1"]

1. e4 c5 2. c3 Nf6 3. e5 Ng8 4. d4 Nc6 5. Nf3 d6 6. exd6 exd6 7. Bb5 a6 8. Ba4 Qe7+ 9. Be3 b5 10. Bc2 Bg4 11. 0-0 Nf6 12. Re1 g6 13. Bd2 Qxe1+ 14. Qxe1+ Be7 15. Bg5 0-0 16. Nbd2 Rfe8 17. h3 Bd8 18. Qc1 Bxf3 19. Nxf3 b4 20. Ba4 Rc8 21. Bxf6 Bxf6 22. d5 Re4 23. dxc6 bxc3 24. bxc3 Rxa4 25. Qc2 Rc4 26. Qe2 Bxc3 27. Rc1 Rb4 28. Rxc3 Rbb8 29. Rb3 Rxb3 30. axb3 Rxc6 31. Qe8+ 1-0